| 000 | 00581nam a2200205Ia 4500 | ||
|---|---|---|---|
| 001 | 58385 | ||
| 008 | 140507s9999 xx 000 0 und d | ||
| 020 | _a9781259009457 | ||
| 040 | _cPK-LaUMT | ||
| 082 |
_a 658.408 _bSTE-B |
||
| 100 | _aSteiner, John F. | ||
| 245 |
_aBusiness, government, and society _ba managerial perspective, text and cases _cSteiner, John F.<>Steiner, George A. |
||
| 250 | _a13th | ||
| 260 |
_aNew York,USA: _bMcGraw-Hill, _c2012 |
||
| 300 | _a696 p. | ||
| 546 | _aEN | ||
| 650 | _aIndustrial policy-USA | ||
| 700 | _aSteiner, George A. | ||
| 942 | _cBK | ||
| 999 |
_c55650 _d55650 |
||